Normal view MARC view
  • Jones, Charles Parker,

Entry Personal Name

Number of records used in: 1

001 - CONTROL NUMBER

  • control field: 36500

003 - CONTROL NUMBER IDENTIFIER

  • control field: OSt

005 - DATE AND TIME OF LATEST TRANSACTION

  • control field: 20141112114912.0

008 - FIXED-LENGTH DATA ELEMENTS

  • fixed length control field: 141112|| aca||aabn | a|a d

040 ## - CATALOGING SOURCE

  • Original cataloging agency: OSt

100 1# - HEADING--PERSONAL NAME

  • Personal name: Jones, Charles Parker,
  • Dates associated with a name: 1943-

400 1# - SEE FROM TRACING--PERSONAL NAME

  • Personal name: Jones, C. P.
  • Fuller form of name: (Charles Parker),
  • Dates associated with a name: 1943-

400 1# - SEE FROM TRACING--PERSONAL NAME

  • Personal name: Jones, Charles P.
  • Fuller form of name: (Charles Parker),
  • Dates associated with a name: 1943-